Catálogo

El movimiento obrero latinoamericano I : (Registro nro. 42674)

Detalles MARC
000 -LEADER
fixed length control field 01362cam a2200337 i 4500
001 - CONTROL NUMBER
control field 42674
003 - CONTROL NUMBER IDENTIFIER
control field Mx-PuUPA
005 - DATE AND TIME OF LATEST TRANSACTION
control field 20250515150437.0
008 - FIXED-LENGTH DATA ELEMENTS--GENERAL INFORMATION
fixed length control field 140415s1989 mx gr 001 0 spa d
020 ## - INTERNATIONAL STANDARD BOOK NUMBER
International Standard Book Number 9683903037
040 ## - CATALOGING SOURCE
Transcribing agency Mx-PuUPA
Original cataloging agency Mx-PuUPA
Language of cataloging spa
Modifying agency Mx-PuUPA
Description conventions rda
041 0# - LANGUAGE CODE
Language code of text/sound track or separate title spa
043 ## - GEOGRAPHIC AREA CODE
Geographic area code cl-----
100 1# - MAIN ENTRY--PERSONAL NAME
Personal name Melgar Bao, Ricardo,
Dates associated with a name 1946-2020
9 (RLIN) 16775
Relator term autor
245 13 - TITLE STATEMENT
Title El movimiento obrero latinoamericano I :
Remainder of title historia de una clase subalterna /
Statement of responsibility, etc. Ricardo Melgar Bao
250 ## - EDITION STATEMENT
Edition statement Primera edición /
Remainder of edition statement en la colección Los Noventa
264 #1 - PRODUCTION, PUBLICATION, DISTRIBUTION, MANUFACTURE, AND COPYRIGHT NOTICE
Place of production, publication, distribution, manufacture México, D.F. :
Name of producer, publisher, distributor, manufacturer Alianza Editorial Mexicana,
Date of production, publication, distribution, manufacture, or copyright notice ©1989
300 ## - PHYSICAL DESCRIPTION
Extent 209 páginas ;
Dimensions 21 cm
336 ## - CONTENT TYPE
Fuente rdacontent
Content type term texto
Content type code txt
337 ## - MEDIA TYPE
Source rdamedia
Media type term sin medio
Media type code n
338 ## - CARRIER TYPE
Source rdacarrier
Carrier type term volumen
Carrier type code nc
490 0# - SERIES STATEMENT
Series statement Los Noventa ;
Volume/sequential designation 27
650 #7 - SUBJECT ADDED ENTRY--TOPICAL TERM
Source of heading or term armarc
Topical term or geographic name entry element Movimiento obrero
Geographic subdivision América Latina
General subdivision Historia
650 #7 - SUBJECT ADDED ENTRY--TOPICAL TERM
Source of heading or term armarc
Topical term or geographic name entry element Trabajo y trabajadores
Geographic subdivision América Latina
General subdivision Historia
651 #4 - SUBJECT ADDED ENTRY--GEOGRAPHIC NAME
Geographic name América Latina
General subdivision Historia
Geographic subdivision 1800-1999
785 00 - SUCCEEDING ENTRY
Main entry heading Melgar Bao, Ricardo,
Place, publisher, and date of publication México, D.F. : Alianza Editorial Mexicana,©1989
Title El movimiento obrero latinoamericano II : historia de una clase subalterna
Record control number (Mx-PuUPA) 42689
International Standard Book Number 968390310X
942 ## - ADDED ENTRY ELEMENTS (KOHA)
Source of classification or shelving scheme Dewey Decimal Classification
Koha item type Libro
Classification part 331.8098
Item part M57
Existencias
Withdrawn status Lost status Source of classification or shelving scheme Damaged status Not for loan Collection code Home library Current library Shelving location Date acquired Source of acquisition Cost, normal purchase price Serial Enumeration / chronology Total Checkouts Full call number Barcode Date last seen Cost, replacement price Price effective from Koha item type
    Dewey Decimal Classification     General Biblioteca Karol Wojtyla Biblioteca Karol Wojtyla Sala general 01/01/2022 Donación 0.00 v. 1   331.8098 M57 1989 64068 05/01/2026 0.00 03/12/2013 Libro